02478cam a2200385 i 45000010009000000050017000090080041000260100017000670160018000840200015001020200018001170200018001350350024001530410008001770420008001850820012001931000032002052450095002372600049003322640053003812640011004343000058004453360026005033360033005293370028005623380027005905040067006175201256006846500037019406500021019776500021019986500019020197000019020387760035020572292471520250404153011.0230110t20232023njua b 001 0 eng c a 20239305337 a0210252962Uk a0691221103 a9780691221106 z9780691221113 a(OCoLC)on1338132854 aeng apcc a332 BRU1 aBrunnermeier, Markus Konrad12aA Crash Course On Crises: Macroeconomic Concepts For Run-Ups Collapses And Recoveriesb  aNew JerseybPrinceton Univeinrity Presc2023 1aPrinceton :bPrinceton University Press,c[2023] 4c©2023 a123 pages :billustrations (black and white) ;c25 cm atextbtxt2rdacontent astill imagebsti2rdacontent aunmediatedbn2rdamedia avolumebnc2rdacarrier aIncludes bibliographical references (pages 117-120) and index. a"With alarming frequency, modern economies go through macro-financial crashes that arise from the financial sector and spread to the broader economy, inflicting deep and prolonged recessions. A Crash Course on Crises brings together the latest cutting-edge economic research to identify the seeds of these crashes, reveal their triggers and consequences, and explain what policymakers can do about them. Each of the book's ten self-contained chapters introduces readers to a key economic force and provides case studies that illustrate how that force was dominant. Markus Brunnermeier and Ricardo Reis show how the run-up phase of a crisis often occurs in ways that are preventable but that may go unnoticed and discuss how debt contracts, banks, and a search for safety can act as triggers and amplifiers that drive the economy to crash. Brunnermeier and Reis then explain how monetary, fiscal, and exchange-rate policies can respond to crises and prevent them from becoming persistent. With case studies ranging from Chile in the 1970s to the COVID-19 pandemic, A Crash Course on Crises synthesizes a vast literature into ten simple, accessible ideas and illuminates these concepts using novel diagrams and a clear analytical framework."--Amazon.com 0aFinancial Crises; Macroeconomics 6aMacroéconomie. 7aFinancial crises 7aMacroeconomics1 aReis, Ricardo,08iebook version :z9780691221113